Statistics for Vilo Acuña Airport Destinations (Cayo Largo del Sur, Cuba)

Click here to take the quiz!

General Stats

  • This quiz has been taken 8 times
  • The average score is 7 of 10

Answer Stats

AirlineDestination% Correct
Sunwing AirlinesMontreal (Trudeau)
100%
Sunwing AirlinesQuebec City
100%
Sunwing AirlinesToronto (Pearson)
100%
Sunwing AirlinesHalifax
83%
NeosMilan (Malpensa)
83%
Sunwing AirlinesOttawa
83%
Andes Lineas AereasBuenos Aires (Ezeiza)
67%
Andes Lineas AereasCordoba (AR)
50%
Andes Lineas AereasSan Miguel de Tucuman
17%
Andes Lineas AereasSan Salvador de Jujuy
17%

Score Distribution

Percentile by Number Answered

Percent of People with Each Score

Your Score History

You have not taken this quiz